Bapu's crusade for social change / (Record no. 143541)

MARC details
000 -LEADER
fixed length control field 00566nam a22001817a 4500
010 ## - LCCN (DPL NO)
LC control number ENG-119663
020 ## - INTERNATIONAL STANDARD BOOK NUMBER
International Standard Book Number 8187416602
Terms of availability 650.00
035 ## - SYSTEM CONTROL NUMBER
System control number EN-103195
037 ## - SOURCE OF ACQUISITION
Source of stock number/acquisition DBAD/PUB
082 ## - DEWEY DECIMAL CLASSIFICATION NUMBER
Classification number 301.153
100 ## - MAIN ENTRY--PERSONAL NAME
Personal name Maurya, O.P.
245 ## - TITLE STATEMENT
Title Bapu's crusade for social change /
Statement of responsibility, etc by Shruti Upadhaya
Remainder of title
260 ## - PUBLICATION, DISTRIBUTION, ETC. (IMPRINT)
Place of publication, distribution, etc New Delhi
Name of publisher, distributor, etc Alokparv Prakashan
Date of publication, distribution, etc 2016
270 ## - ADDRESS
Address 1/16588, East Rohtas Nagar Shahdara,
City New Delhi
Postal code 110032
300 ## - PHYSICAL DESCRIPTION
Extent 180p.
Dimensions 22cm(Hb)
500 ## - GENERAL NOTE
General note Includes bibliographical references
942 ## - ADDED ENTRY ELEMENTS (KOHA)
Source of classification or shelving scheme Dewey Decimal Classification
Item type English Books
Classification part 301.153
Call number suffix MAU
Holdings
Withdrawn status Lost status Not for loan Collection code Home library Current library Date acquired Source of acquisition Cost, normal purchase price Full call number Barcode Copy number Cost, replacement price Koha item type
    Not For Loan Non-fiction D.B.Act.Division D.B.Act.Division 21/08/2017 DBAD/PUB 650.00 301.153 MAU EN-103195 1 650.00 English Books

© Delhi Public Library
Hit Counter
free hit counter